ARRUPE JESUIT UNIVERSITY

CORONAVIRUS -STOP THE SPREAD - CLEAN,DISINFECT,COVER

A companion to the philosophy of language / (Record no. 131423)

MARC details
000 -LEADER
fixed length control field 01020cam a2200277 a 4500
001 - CONTROL NUMBER
control field 2108325
003 - CONTROL NUMBER IDENTIFIER
control field ARRUPE
005 - DATE AND TIME OF LATEST TRANSACTION
control field 20220513090806.0
008 - FIXED-LENGTH DATA ELEMENTS--GENERAL INFORMATION
fixed length control field 960814s1997 enk b 001 0 eng
010 ## - LIBRARY OF CONGRESS CONTROL NUMBER
LC control number 96041009
020 ## - INTERNATIONAL STANDARD BOOK NUMBER
International Standard Book Number 0631167579
040 ## - CATALOGING SOURCE
Original cataloging agency DLC
Transcribing agency DLC
Modifying agency DLC
050 00 - LIBRARY OF CONGRESS CALL NUMBER
Classification number P106
Item number .C5945 1997
082 00 - DEWEY DECIMAL CLASSIFICATION NUMBER
Classification number 149/.94
Edition number 20
300 ## - PHYSICAL DESCRIPTION
Dimensions 25 cm.
245 02 - TITLE STATEMENT
Title A companion to the philosophy of language /
Statement of responsibility, etc edited by Bob Hale and Crispin Wright.
260 ## - PUBLICATION, DISTRIBUTION, ETC. (IMPRINT)
Place of publication, distribution, etc Oxford, UK ;
-- Malden, Mass. :
Name of publisher, distributor, etc Blackwell Pub.,
Date of publication, distribution, etc 1997.
300 ## - PHYSICAL DESCRIPTION
Extent xiii, 721 p. ;
440 #0 - SERIES STATEMENT/ADDED ENTRY--TITLE
Title Blackwell companions to philosophy
9 (RLIN) 3342
504 ## - BIBLIOGRAPHY, ETC. NOTE
Bibliography, etc Includes bibliographical references and index.
650 #0 - SUBJECT ADDED ENTRY--TOPICAL TERM
Topical term or geographic name as entry element Language and languages
General subdivision Philosophy.
700 1# - ADDED ENTRY--PERSONAL NAME
Personal name Hale, Bob,
Dates associated with a name 1945-
9 (RLIN) 51568
700 1# - ADDED ENTRY--PERSONAL NAME
Personal name Wright, Crispin,
Dates associated with a name 1942-
9 (RLIN) 41339
906 ## - LOCAL DATA ELEMENT F, LDF (RLIN)
a 7
b cbc
c orignew
d 1
e ocip
f 19
g y-gencatlg
942 ## - ADDED ENTRY ELEMENTS (KOHA)
Source of classification or shelving scheme Library of Congress Classification
Koha item type Monograph ( Printed materials)
Holdings
Withdrawn status Lost status Source of classification or shelving scheme Damaged status Not for loan Collection code Home library Current library Shelving location Date acquired Total Checkouts Full call number Barcode Date last seen Price effective from Koha item type
    Library of Congress Classification     Main Collection ARRUPE LIBRARY ARRUPE LIBRARY Main Collection 13/05/2022   P106 .C5945 1997 46600008491 13/05/2022 13/05/2022 Monograph ( Printed materials)

 

Arrupe Library. PO Box MP320 Mt Pleasant, Harare, Zimbabwe
263 242 745411|librarian@aju.ac.zw